000 00423cam a2200145u 4500
005 20250901165514.0
008 830210s1952 enka 000 0aeng
010 _a 53023322
050 0 0 _aDS 135.E6 G63 1952
_bG63 1952
100 1 _aGollancz, Victor,
_d1893-1967.
245 1 0 _aMy dear Timothy,
_can autobiographical letter to his grandson,
260 _aLondon,
_c1952.
300 _a439 p.
_billus.
_c23 cm.
942 _2ddc
999 _c5011
_d5011